ការវាស់ស្ទង់និងវាយតំលៃលើការបំផ្លាញរបស់ពពួកសត្វល្អិត និងកត្តាចង្រៃផ្សេងៗទៀតលើដំណាំស្រូវនៅស្ថានីយ៍ដីឥដ្ឋ (Record no. 171)
[ view plain ]
| 000 -LEADER | |
|---|---|
| fixed length control field | 00685nam a22001577a 4500 |
| 003 - CONTROL NUMBER IDENTIFIER | |
| control field | OSt |
| 005 - DATE AND TIME OF LATEST TRANSACTION | |
| control field | 20150909155203.0 |
| 008 - FIXED-LENGTH DATA ELEMENTS--GENERAL INFORMATION | |
| fixed length control field | 150909b xxu||||| |||| 00| 0 eng d |
| 040 ## - CATALOGING SOURCE | |
| Transcribing agency | RUA |
| 082 ## - DEWEY DECIMAL CLASSIFICATION NUMBER | |
| Classification number | AGR ឃុន 1994 B009 Or.1 |
| 100 ## - MAIN ENTRY--PERSONAL NAME | |
| 9 (RLIN) | 191 |
| Personal name | ឃុន លាងហាក់ |
| 245 ## - TITLE STATEMENT | |
| Title | ការវាស់ស្ទង់និងវាយតំលៃលើការបំផ្លាញរបស់ពពួកសត្វល្អិត និងកត្តាចង្រៃផ្សេងៗទៀតលើដំណាំស្រូវនៅស្ថានីយ៍ដីឥដ្ឋ |
| 260 ## - PUBLICATION, DISTRIBUTION, ETC. (IMPRINT) | |
| Place of publication, distribution, etc. | Phnom Penh |
| Name of publisher, distributor, etc. | RUA |
| Date of publication, distribution, etc. | 1994 |
| 300 ## - PHYSICAL DESCRIPTION | |
| Extent | 68p. |
| Other physical details | ill. |
| Dimensions | 29cm. |
| 942 ## - ADDED ENTRY ELEMENTS (KOHA) | |
| Source of classification or shelving scheme | |
| Koha item type | AGR |
| Price effective from | Date last seen | Permanent Location | Not for loan | Date acquired | Source of classification or shelving scheme | Koha item type | Lost status | Withdrawn status | Date last checked out | Total Checkouts | Shelving location | Damaged status | Barcode | Current Location | Full call number |
|---|---|---|---|---|---|---|---|---|---|---|---|---|---|---|---|
| 2015-09-09 | 2015-09-09 | Library Block B | 2015-09-09 | AGR | B009 | RUA003761 | Library Block B | AGR ឃុន 1994 B009 Or.1 | |||||||
| 2015-09-09 | 2016-07-06 | Library Block B | 2015-09-09 | AGR | 2016-07-04 | 1 | B009 | RUA003618 | Library Block B | AGR ឃុន 1994 B009 Or.2 | |||||
| 2015-09-10 | 2019-06-25 | Library Block B | 2015-09-10 | AGR | 2019-06-24 | 1 | B009 | RUA005237 | Library Block B | AGR ឃុន 1994 B009 Or.3 | |||||
| 2015-09-10 | 2015-09-10 | Library Block B | 2015-09-10 | AGR | B009 | RUA005093 | Library Block B | AGR ឃុន 1994 B009 Or.4 | |||||||
| 2015-09-10 | 2015-09-10 | Library Block B | 2015-09-10 | AGR | B009 | RUA005021 | Library Block B | AGR ឃុន 1994 B009 Or.5 | |||||||
| 2015-09-10 | 2015-09-10 | Library Block B | 2015-09-10 | AGR | B009 | RUA005238 | Library Block B | AGR ឃុន 1994 B009 Or.6 | |||||||
| 2016-10-28 | 2016-10-28 | Library Block B | 2016-10-28 | AGR | B009 | A00459 | Library Block B | AGR ឃុន 1994 B009 Or.7 |